| 000 | 00773nam a22002297a 4500 | ||
|---|---|---|---|
| 999 |
_c611 _d611 |
||
| 001 | 611 | ||
| 003 | BD-JhCC | ||
| 005 | 20171008095531.0 | ||
| 008 | 171007s1369 bg |||| |||| 000 0 ben d | ||
| 035 | _a(BD-JhCC)611 | ||
| 040 |
_aBD-JhCC _dBD-JhCC |
||
| 041 | _aben | ||
| 082 |
_a925 _bYEU 1369 |
||
| 100 | _aইয়স্ট, এডনা | ||
| 245 |
_aআধুনিক বিজ্ঞানে নারী / _cএডনা ইয়স্ট এবং সিতারা হক অনু. |
||
| 260 |
_aঢাকা: _bস্টুডেন্ট ওয়েজ, _c১৩৬৯. |
||
| 300 |
_a১৯৯ পৃ. : _c১৭ সেমি. |
||
| 650 | _aWomen Scientists | ||
| 856 | _3হক, সিতারা | ||
| 942 |
_2ddc _cBK |
||